[Event "12th EUR-ch"]
[Site "Aix-les-Bains FRA"]
[Date "2011.03.24"]
[Round "3.29"]
[White "Wojtaszek, Radoslaw"]
[Black "Buhmann, Rainer"]
[Result "1-0"]
[WhiteElo "2711"]
[BlackElo "2590"]
[EventDate "2011.03.22"]
[PlyCount "67"]

1.d4 d5 2.c4 c6 3.Nf3 Nf6 4.e3 e6 5.Bd3 dxc4 6.Bxc4 c5 7.O-O a6 8.Qe2 Nc6 
9.Rd1 cxd4 10.exd4 Be7 11.Nc3 O-O 12.Bg5 Nb4 13.Ne5 b5 14.Bb3 Bb7 15.Nxf7 
Rxf7 16.Qxe6 Qf8 17.Re1 Nc6 18.Bxf6 Bxf6 19.Ne4 Na5 20.Nxf6+ gxf6 21.Qxf7+
Qxf7 22.Bxf7+ Kxf7 23.Rac1 Bd5 24.Rc7+ Kg6 25.b3 Nc6 26.Rd7 Nb4 27.Re3 Rc8
28.h4 Rc1+ 29.Kh2 Bc6 30.Rg3+ Kf5 31.Rxh7 Nd5 32.h5 Rc2 33.h6 Rxf2 34.Rhg7
1-0

[Event "12th EUR-ch"]
[Site "Aix-les-Bains FRA"]
[Date "2011.03.24"]
[Round "3.30"]
[White "Vallejo Pons, Francisco"]
[Black "Postny, Evgeny"]
[Result "1-0"]
[WhiteElo "2707"]
[BlackElo "2585"]
[EventDate "2011.03.22"]
[PlyCount "103"]

1.d4 Nf6 2.c4 e6 3.Nf3 b6 4.g3 Ba6 5.Qa4 Be7 6.Nc3 O-O 7.Bg5 d5 8.cxd5 
Nxd5 9.Bxe7 Qxe7 10.Rc1 c5 11.Bg2 Nxc3 12.Rxc3 cxd4 13.Nxd4 Bb7 14.O-O 
Bxg2 15.Kxg2 Qd7 16.Qxd7 Nxd7 17.Rc7 Nf6 18.Nc6 h6 19.Rc1 a6 20.Rb7 b5 21.
b3 Kh7 22.a4 bxa4 23.bxa4 Rac8 24.Rc4 Ne8 25.Rb6 Ra8 26.Ne5 a5 27.Nd7 Rg8 
28.Rf4 Nf6 29.Rxf6 gxf6 30.Nxf6+ Kg7 31.Nxg8 Kxg8 32.Rb5 Kg7 33.g4 Kg6 34.
e3 Kf6 35.Kf3 Ra7 36.h3 Ra8 37.Kg3 Kg6 38.Rc5 Kf6 39.h4 Kg6 40.Rb5 Kf6 41.
f4 Ra7 42.Kf3 Kg6 43.Rc5 Kf6 44.Ke4 Ra8 45.Kd4 Ke7 46.Ke5 f6+ 47.Ke4 Kf7 
48.Rc7+ Kg8 49.Re7 Ra6 50.f5 exf5+ 51.Kxf5 Rc6 52.Kg6 1-0

[Event "12th EUR-ch"]
[Site "Aix-les-Bains FRA"]
[Date "2011.03.24"]
[Round "3.31"]
[White "Stefansson, Hannes"]
[Black "Dreev, Aleksey"]
[Result "1/2-1/2"]
[WhiteElo "2557"]
[BlackElo "2697"]
[EventDate "2011.03.22"]
[PlyCount "42"]

1.d4 d5 2.c4 c6 3.Nf3 Nf6 4.Nc3 e6 5.e3 Nbd7 6.Qc2 b6 7.Bd3 Bb7 8.O-O Be7 
9.b3 O-O 10.Bb2 h6 11.Rfd1 Qc7 12.Qe2 Rad8 13.Rac1 Qb8 14.e4 dxe4 15.Nxe4 
c5 16.dxc5 bxc5 17.Nxf6+ Bxf6 18.Bxf6 Nxf6 19.Ne5 Rd4 20.Bc2 Rfd8 21.Rxd4 
Rxd4 1/2-1/2

[Event "12th EUR-ch"]
[Site "Aix-les-Bains FRA"]
[Date "2011.03.24"]
[Round "3.32"]
[White "Fressinet, Laurent"]
[Black "Kotronias, Vasilios"]
[Result "0-1"]
[WhiteElo "2693"]
[BlackElo "2583"]
[EventDate "2011.03.22"]
[PlyCount "116"]

1.d4 Nf6 2.Nf3 g6 3.c4 Bg7 4.Nc3 O-O 5.e4 d6 6.Be2 e5 7.Be3 c6 8.d5 Na6 9.
O-O Ng4 10.Bg5 f6 11.Bh4 c5 12.Ne1 h5 13.a3 Qe7 14.Nc2 Nh6 15.f3 Nf7 16.b4
Bh6 17.Rb1 b6 18.Kh1 Bd7 19.Bf2 f5 20.a4 fxe4 21.Nxe4 Bxa4 22.bxc5 Nxc5 
23.Nxc5 bxc5 24.Bd3 Qf6 25.Ra1 Bd7 26.Ra5 Bf5 27.Ra6 Bxd3 28.Qxd3 Qf5 29.
Qxf5 gxf5 30.Be3 f4 31.Bf2 Rfb8 32.Na3 Rb6 33.Ra5 e4 34.fxe4 Ne5 35.Be1 a6
36.Bc3 Re8 37.h3 Kh7 38.Ra4 Nd3 39.Rf3 Nc1 40.Ba5 Rb2 41.Bc3 Ra2 42.Rxa6 
Rxe4 43.Ra7+ Kg6 44.Ra6 Bf8 45.Ra8 Kf7 46.Ra7+ Be7 47.Ba5 Kg6 48.Nb5 Ne2 
49.Kh2 Bh4 50.Bc7 Bg3+ 51.Kh1 Rxa7 52.Nxa7 Rxc4 53.Rf1 f3 54.gxf3 Rc2 55.
Ra1 Be5 56.Rd1 Ng3+ 57.Kg1 Bd4+ 58.Rxd4 cxd4 0-1

[Event "12th EUR-ch"]
[Site "Aix-les-Bains FRA"]
[Date "2011.03.24"]
[Round "3.33"]
[White "Sedlak, Nikola"]
[Black "Sutovsky, Emil"]
[Result "0-1"]
[WhiteElo "2556"]
[BlackElo "2692"]
[EventDate "2011.03.22"]
[PlyCount "140"]

1.d4 Nf6 2.c4 g6 3.Nc3 d5 4.cxd5 Nxd5 5.e4 Nxc3 6.bxc3 Bg7 7.Nf3 c5 8.Be3 
Qa5 9.Qd2 Nc6 10.Rb1 cxd4 11.cxd4 O-O 12.Qxa5 Nxa5 13.Bd2 b6 14.Bxa5 bxa5 
15.Bc4 Bg4 16.Ne5 Bxe5 17.dxe5 Rac8 18.Bd5 Rc5 19.O-O e6 20.Bb3 Be2 21.
Rfe1 Bb5 22.f4 Rd8 23.Red1 Rxd1+ 24.Bxd1 Bd3 25.Rb8+ Kg7 26.Bf3 Rc4 27.Rb7
Bxe4 28.Bxe4 Rxe4 29.Rxa7 Ra4 30.h3 h5 31.g3 h4 32.gxh4 Rxf4 33.Rxa5 Rxh4 
34.Kg2 g5 35.Kg3 Re4 36.Kf3 Rf4+ 37.Kg3 Kg6 38.Ra3 Re4 39.Ra5 Re3+ 40.Kg2 
Rd3 41.Kh2 Rd7 42.a4 Kf5 43.Rb5 Kf4 44.Rb2 Kxe5 45.a5 Ra7 46.Ra2 Ra6 47.
Kg3 f5 48.Kf3 Kd4 49.Ra4+ Kc5 50.Ra1 e5 51.Rc1+ Kd5 52.Rd1+ Ke6 53.Ra1 e4+
54.Kg3 Ke5 55.Ra4 f4+ 56.Kf2 Kf5 57.Kg2 e3 58.Kf3 Re6 59.Ra1 Ra6 60.Ke2 
Kg6 61.Kf3 Kf5 62.Ke2 Ke5 63.Kf3 Rh6 64.Kg2 Ra6 65.Kf3 Kd4 66.Ke2 Kc3 67.
Rc1+ Kb4 68.Rb1+ Kxa5 69.Rg1 Kb4 70.Kf3 Ra2 0-1

[Event "12th EUR-ch"]
[Site "Aix-les-Bains FRA"]
[Date "2011.03.24"]
[Round "3.34"]
[White "Laznicka, Viktor"]
[Black "Jaracz, Pawel"]
[Result "1/2-1/2"]
[WhiteElo "2688"]
[BlackElo "2565"]
[EventDate "2011.03.22"]
[PlyCount "84"]

1.d4 Nf6 2.c4 e6 3.g3 Bb4+ 4.Bd2 a5 5.Bg2 d6 6.e4 O-O 7.Ne2 e5 8.a3 Bxd2+ 
9.Nxd2 exd4 10.Nxd4 Nc6 11.Nb5 Ne5 12.O-O c6 13.Nc3 Be6 14.b3 Qb6 15.Qc2 
Nfd7 16.Ne2 Bg4 17.Rfe1 Nc5 18.h3 Bd7 19.Qc3 f5 20.exf5 Ned3 21.Rf1 Bxf5 
22.Kh2 g5 23.Nd4 Bg6 24.N2f3 h6 25.Kg1 Rae8 26.Ne1 Ne5 27.Rd1 Ne4 28.Qc1 
Nxf2 29.Rxf2 Rxf2 30.Kxf2 Nd3+ 31.Rxd3 Bxd3 32.Qc3 Bg6 33.Nf3 Qc5 34.b4 
axb4 35.axb4 Qa7 36.g4 c5 37.bxc5 Qxc5 38.Kg3 d5 39.Nf5 Qc7+ 40.Kf2 Bxf5 
41.gxf5 Qc5+ 42.Kg3 Qc7+ 1/2-1/2

[Event "12th EUR-ch"]
[Site "Aix-les-Bains FRA"]
[Date "2011.03.24"]
[Round "3.36"]
[White "Naiditsch, Arkadij"]
[Black "Swiercz, Dariusz"]
[Result "1-0"]
[WhiteElo "2684"]
[BlackElo "2557"]
[EventDate "2011.03.22"]
[PlyCount "78"]

1.e4 e6 2.d4 d5 3.Nc3 Nf6 4.Bg5 Bb4 5.e5 h6 6.Bd2 Bxc3 7.bxc3 Ne4 8.Qg4 g6
9.Bd3 Nxd2 10.Kxd2 c5 11.h4 Nc6 12.Qf4 Qa5 13.h5 gxh5 14.Nf3 Bd7 15.Qf6 
Rf8 16.Rab1 b6 17.Rxh5 cxd4 18.Rxh6 Qxc3+ 19.Ke2 Qa3 20.Rh8 Rxh8 21.Qxh8+ 
Qf8 22.Qf6 Qe7 23.Ba6 Kd8 24.Bb7 Rb8 25.Bxc6 Bxc6 26.Nxd4 Rc8 27.Rh1 Be8 
28.f4 Rc4 29.Kd3 Kd7 30.Qxe7+ Kxe7 31.f5 exf5 32.Nxf5+ Ke6 33.Nd6 Rg4 34.
Nxe8 Rg3+ 35.Kd4 Rg4+ 36.Kc3 Rg3+ 37.Kb2 Rxg2 38.Re1 d4 39.Kb3 Kd5 1-0

[Event "12th EUR-ch"]
[Site "Aix-les-Bains FRA"]
[Date "2011.03.24"]
[Round "3.37"]
[White "Le Roux, Jean-Pierre"]
[Black "McShane, Luke"]
[Result "1/2-1/2"]
[WhiteElo "2538"]
[BlackElo "2683"]
[EventDate "2011.03.22"]
[PlyCount "120"]

1.d4 d5 2.Nf3 Nf6 3.c4 c6 4.e3 g6 5.Nc3 Bg7 6.Be2 O-O 7.O-O a6 8.b3 Ne4 9.
Bb2 Nxc3 10.Bxc3 Bg4 11.Rc1 e6 12.Ne1 Bxe2 13.Qxe2 Nd7 14.Nd3 Re8 15.Rfd1 
Qg5 16.g3 Rad8 17.h4 Qf5 18.Kg2 h5 19.Qf3 Qxf3+ 20.Kxf3 Bf8 21.Ba5 Rc8 22.
Ke2 Nf6 23.Rc2 Ne4 24.Rdc1 Kg7 25.Bb4 Bxb4 26.Nxb4 Rcd8 27.Nd3 Rh8 28.Rg1 
Nd6 29.a4 Rhe8 30.c5 Nf5 31.b4 f6 32.f4 Ra8 33.Rb2 Nh6 34.Rgb1 Ng4 35.Nf2 
e5 36.Nxg4 hxg4 37.Kd3 exf4 38.exf4 g5 39.hxg5 fxg5 40.Rf1 Re4 41.Rbf2 
Rae8 42.fxg5 R8e7 43.b5 axb5 44.axb5 cxb5 45.Rf5 Re3+ 46.Kd2 Rxg3 47.Rxd5 
Rge3 48.Rg1 g3 49.Rd7 Re2+ 50.Kd3 Re3+ 51.Kd2 Re2+ 52.Kd3 Rxd7 53.Kxe2 
Rxd4 54.Rxg3 Rc4 55.Rd3 Rxc5 56.Rd7+ Kg6 57.Rxb7 Kxg5 58.Kd3 Kf6 59.Kd4 
Rh5 60.Kc3 Ke6 1/2-1/2

[Event "12th EUR-ch"]
[Site "Aix-les-Bains FRA"]
[Date "2011.03.24"]
[Round "3.38"]
[White "Anisimov, Pavel"]
[Black "Riazantsev, Alexander"]
[Result "0-1"]
[WhiteElo "2532"]
[BlackElo "2679"]
[EventDate "2011.03.22"]
[PlyCount "98"]

1.e4 c6 2.d4 d5 3.Nd2 dxe4 4.Nxe4 Bf5 5.Ng3 Bg6 6.h4 h6 7.Nf3 Nd7 8.h5 Bh7
9.Bd3 Bxd3 10.Qxd3 e6 11.Bd2 Ngf6 12.O-O-O Be7 13.Ne4 Nxe4 14.Qxe4 Nf6 15.
Qe2 Qd5 16.c4 Qe4 17.Qxe4 Nxe4 18.Be3 Nd6 19.b3 b5 20.Ne5 bxc4 21.bxc4 Bf6
22.Bf4 Bxe5 23.Bxe5 Nxc4 24.Bxg7 Rh7 25.Bf6 Nb6 26.g4 Nd5 27.Be5 f6 28.Bh2
Rb7 29.Rd2 Kf7 30.f3 a5 31.Rb2 Rb4 32.Rd2 Ra6 33.Kc2 Rab6 34.Kd3 Rb2 35.
Rhd1 Nb4+ 36.Kc4 Nxa2 37.Bc7 R2b4+ 38.Kc5 R4b5+ 39.Kc4 Rb4+ 40.Kc5 R6b5+ 
41.Kxc6 Nc3 42.Bd6 Rb6+ 43.Kd7 Rb7+ 44.Kc8 R4b6 45.Bc7 Rb5 46.Rc1 Nd5 47.
Bd6 Ra7 48.Kd8 Rbb7 49.Rc6 Ra8+ 0-1

[Event "12th EUR-ch"]
[Site "Aix-les-Bains FRA"]
[Date "2011.03.24"]
[Round "3.39"]
[White "Rublevsky, Sergei"]
[Black "Hovhannisyan, Robert"]
[Result "1-0"]
[WhiteElo "2678"]
[BlackElo "2560"]
[EventDate "2011.03.22"]
[PlyCount "75"]

1.e4 c6 2.d4 d5 3.e5 Bf5 4.Nd2 e6 5.Nb3 Nd7 6.Nf3 Bg6 7.Be2 Ne7 8.O-O Nf5 
9.Bd2 Rc8 10.Rc1 Be7 11.Ba5 b6 12.Bd2 O-O 13.c4 Bh5 14.Re1 dxc4 15.Bxc4 b5
16.Be2 Nb6 17.Ba5 Qd7 18.h3 Bxf3 19.Bxf3 Nc4 20.Bc3 Qd8 21.Qe2 a5 22.Rcd1 
Qb6 23.Be4 a4 24.Nc5 Bxc5 25.dxc5 Qxc5 26.Bxf5 exf5 27.b3 axb3 28.axb3 Qa3
29.e6 Qxb3 30.Rd3 Qa4 31.Ra1 Qb3 32.Bxg7 Qxd3 33.Qxd3 Kxg7 34.Qxf5 Rc7 35.
Qg5+ Kh8 36.Qf6+ Kg8 37.e7 Re8 38.Re1 1-0

[Event "12th EUR-ch"]
[Site "Aix-les-Bains FRA"]
[Date "2011.03.24"]
[Round "3.40"]
[White "Volokitin, Andrei"]
[Black "Cornette, Matthieu"]
[Result "1-0"]
[WhiteElo "2677"]
[BlackElo "2548"]
[EventDate "2011.03.22"]
[PlyCount "98"]

1.e4 e6 2.d4 d5 3.Nc3 Bb4 4.e5 c5 5.a3 Bxc3+ 6.bxc3 Ne7 7.Qg4 cxd4 8.Qxg7 
Rg8 9.Qxh7 Qc7 10.Ne2 Nbc6 11.f4 dxc3 12.Qd3 d4 13.Nxd4 Nxd4 14.Qxd4 Bd7 
15.Rg1 Nf5 16.Qf2 Qc6 17.g4 Qe4+ 18.Qe2 Qa4 19.Rb1 Bc6 20.Kf2 Qd4+ 21.Be3 
Nxe3 22.Qxe3 Qxe3+ 23.Kxe3 Rh8 24.h3 Rd8 25.Rb3 Rd1 26.Kf2 Rxf1+ 27.Rxf1 
Rxh3 28.f5 Bd5 29.Rbb1 exf5 30.gxf5 b6 31.Rbe1 Ke7 32.Re3 Rh2+ 33.Kg3 Rxc2
34.Kf4 b5 35.e6 fxe6 36.Ke5 Rh2 37.f6+ Kf7 38.Rxc3 Bc4 39.Rf4 Rh5+ 40.Kd6 
Rd5+ 41.Kc6 Bd3 42.Kb7 Bf5 43.Kxa7 Kxf6 44.Kb6 e5 45.Rc6+ Kg5 46.Rf2 Rd3 
47.Rc5 Bg4 48.Rxe5+ Kh4 49.Ra2 Bd7 1-0

[Event "12th EUR-ch"]
[Site "Aix-les-Bains FRA"]
[Date "2011.03.24"]
[Round "3.41"]
[White "Romanishin, Oleg"]
[Black "Sargissian, Gabriel"]
[Result "1/2-1/2"]
[WhiteElo "2530"]
[BlackElo "2676"]
[EventDate "2011.03.22"]
[PlyCount "48"]

1.Nf3 Nf6 2.d4 d5 3.c4 c6 4.e3 Bf5 5.Bd3 Bxd3 6.Qxd3 e6 7.O-O Nbd7 8.Nc3 
Bb4 9.Bd2 a5 10.a3 Be7 11.b3 O-O 12.Rfd1 Qb6 13.c5 Qa6 14.Qxa6 Rxa6 15.b4 
Ne4 16.Be1 axb4 17.axb4 Nxc3 18.Bxc3 Rfa8 19.Rxa6 Rxa6 20.Rb1 b5 21.cxb6 
Kf8 22.b7 Rb6 23.Ne1 Rxb7 24.Ra1 Bd6 1/2-1/2

[Event "12th EUR-ch"]
[Site "Aix-les-Bains FRA"]
[Date "2011.03.24"]
[Round "3.42"]
[White "Akopian, Vladimir"]
[Black "Rogozenco, Dorian"]
[Result "1/2-1/2"]
[WhiteElo "2675"]
[BlackElo "2553"]
[EventDate "2011.03.22"]
[PlyCount "160"]

1.Nf3 d5 2.c4 c6 3.e3 Nf6 4.Nc3 a6 5.b3 Bf5 6.Be2 e6 7.Nh4 Bg6 8.Bb2 Nbd7 
9.d3 Bd6 10.g3 Qe7 11.a3 O-O 12.O-O Rfd8 13.Nxg6 hxg6 14.b4 g5 15.Qb3 Ne5 
16.c5 Bc7 17.d4 Ned7 18.f4 Ne4 19.Nxe4 dxe4 20.f5 Nf6 21.fxe6 Qxe6 22.Qxe6
fxe6 23.Bc3 Nd5 24.Bd2 Rf8 25.Bg4 Rxf1+ 26.Rxf1 Re8 27.Bh5 Rf8 28.Bg6 
Rxf1+ 29.Kxf1 Nf6 30.Kf2 Kf8 31.h3 Ke7 32.g4 Kd7 33.Be1 Kc8 34.Ke2 Kd7 35.
Kd2 a5 36.Kc2 axb4 37.axb4 Bb8 38.Kb3 Bh2 39.Bf2 Bb8 40.Kc4 Bc7 41.b5 Ba5 
42.bxc6+ bxc6 43.Kb3 Bc7 44.Kc2 Bh2 45.Kd2 Bc7 46.Ke2 Bb8 47.Be1 Bc7 48.h4
gxh4 49.g5 Nd5 50.Bxh4 Nc3+ 51.Kd2 Ba5 52.Bf2 Nd5+ 53.Ke2 Nc3+ 54.Kf1 Bd8 
55.Bh4 Nd1 56.Ke2 Nc3+ 57.Ke1 Ba5 58.Bg3 Bd8 59.Kd2 Nd5 60.Bxe4 Bxg5 61.
Bf2 Bf6 62.Bf3 e5 63.e4 Bg5+ 64.Kc2 Ne3+ 65.Kd3 exd4 66.Kxd4 Nc2+ 67.Kd3 
Na3 68.e5 Nb5 69.e6+ Kxe6 70.Bxc6 Nc7 71.Kc4 Bf4 72.Bg2 g5 73.Bh3+ Ke7 74.
c6 Bd6 75.Be3 Bf4 76.Bd4 Bd6 77.Bg4 Na6 78.Bb6 Bc7 79.Be3 Nb8 80.Bxg5+ Kf7
1/2-1/2

[Event "12th EUR-ch"]
[Site "Aix-les-Bains FRA"]
[Date "2011.03.24"]
[Round "3.43"]
[White "Inarkiev, Ernesto"]
[Black "Markos, Jan"]
[Result "1-0"]
[WhiteElo "2674"]
[BlackElo "2546"]
[EventDate "2011.03.22"]
[PlyCount "55"]

1.e4 c5 2.Nf3 Nc6 3.Nc3 Nf6 4.Bb5 Qc7 5.d3 d6 6.O-O e6 7.Bxc6+ bxc6 8.Qe2 
e5 9.Nh4 g6 10.f4 Bg4 11.Qf2 exf4 12.Bxf4 Be6 13.Qxc5 O-O-O 14.Qd4 Bg7 15.
Bg5 Nh5 16.Qe3 f6 17.Bh6 Bxh6 18.Qxh6 Qb6+ 19.Kh1 Qxb2 20.Qd2 Qa3 21.Rab1 
Kc7 22.Rb4 Rb8 23.Ra4 Qc5 24.Nf3 Rb2 25.Nd4 Re8 26.g4 Bxg4 27.Rc4 Qg5 28.
Nd5+ 1-0

[Event "12th EUR-ch"]
[Site "Aix-les-Bains FRA"]
[Date "2011.03.24"]
[Round "3.44"]
[White "Bologan, Viorel"]
[Black "Antal, Gergely"]
[Result "1-0"]
[WhiteElo "2671"]
[BlackElo "2545"]
[EventDate "2011.03.22"]
[PlyCount "99"]

1.e4 c5 2.Nf3 Nc6 3.Bb5 g6 4.Bxc6 bxc6 5.O-O Bg7 6.Re1 Nh6 7.c3 O-O 8.d4 
Qb6 9.h3 d6 10.dxc5 Qxc5 11.Be3 Qh5 12.Nbd2 f6 13.Qa4 Qb5 14.Qxb5 cxb5 15.
a4 bxa4 16.Rxa4 a6 17.Nc4 Rb8 18.Nd4 Re8 19.Nc6 Rb3 20.Nb6 Kf7 21.Re2 f5 
22.f3 fxe4 23.fxe4 Ng8 24.Nxc8 Rxc8 25.Rxa6 Rb7 26.g4 Rbc7 27.Na7 Rb8 28.
g5 h6 29.h4 hxg5 30.hxg5 Rc4 31.Bf2 Ke6 32.Kg2 Kd7 33.Kf3 Rf8+ 34.Ke3 Rc5 
35.Bh4 Kc7 36.Ra4 Kb7 37.Re1 Be5 38.Rb4+ Kc7 39.Nb5+ Kd7 40.Nd4 Bxd4+ 41.
cxd4 Rc7 42.Bg3 Rfc8 43.Ra1 Rc2 44.Rb7+ Ke8 45.Bf4 R2c7 46.Rxc7 Rxc7 47.
Ra8+ Kf7 48.Rb8 Rc1 49.d5 Re1+ 50.Kd3 1-0

[Event "12th EUR-ch"]
[Site "Aix-les-Bains FRA"]
[Date "2011.03.24"]
[Round "3.45"]
[White "Mamedov, Rauf"]
[Black "Pridorozhni, Aleksei"]
[Result "1/2-1/2"]
[WhiteElo "2667"]
[BlackElo "2542"]
[EventDate "2011.03.22"]
[PlyCount "45"]

1.e4 e5 2.Nf3 Nc6 3.Bc4 Nf6 4.d3 Be7 5.Bb3 d6 6.c3 O-O 7.Nbd2 Na5 8.Bc2 c5
9.Nf1 Nc6 10.Ng3 d5 11.O-O d4 12.Ba4 Bd6 13.h3 Rb8 14.cxd4 cxd4 15.Nh4 Ne7
16.Bg5 Ng6 17.Nxg6 hxg6 18.Bb3 Qb6 19.Kh1 Re8 20.Ne2 Nh7 21.Bd2 g5 22.Ng3 
g6 23.Rc1 1/2-1/2

[Event "12th EUR-ch"]
[Site "Aix-les-Bains FRA"]
[Date "2011.03.24"]
[Round "3.46"]
[White "Brandenburg, Daan"]
[Black "Georgiev, Kiril"]
[Result "1/2-1/2"]
[WhiteElo "2527"]
[BlackElo "2666"]
[EventDate "2011.03.22"]
[PlyCount "32"]

1.e4 e5 2.Nf3 Nf6 3.Nxe5 d6 4.Nf3 Nxe4 5.d4 d5 6.Bd3 Nc6 7.O-O Be7 8.Re1 
Bg4 9.c4 Nf6 10.Nc3 O-O 11.cxd5 Nxd5 12.h3 Be6 13.a3 Bf6 14.Ne4 h6 15.Nc5 
Bc8 16.Bc2 Nce7 1/2-1/2

[Event "12th EUR-ch"]
[Site "Aix-les-Bains FRA"]
[Date "2011.03.24"]
[Round "3.47"]
[White "Cheparinov, Ivan"]
[Black "Rapport, Richard"]
[Result "1/2-1/2"]
[WhiteElo "2664"]
[BlackElo "2540"]
[EventDate "2011.03.22"]
[PlyCount "110"]

1.d4 d5 2.c4 c6 3.Nc3 Nf6 4.e3 g6 5.Nf3 Bg7 6.Be2 O-O 7.O-O Bg4 8.h3 Bxf3 
9.Bxf3 dxc4 10.e4 e5 11.dxe5 Nfd7 12.e6 fxe6 13.Be2 Ne5 14.Qxd8 Rxd8 15.
Bg5 Re8 16.f4 Nd3 17.e5 Na6 18.Ne4 Nac5 19.Bxd3 Nxd3 20.b3 cxb3 21.Rf3 b2 
22.Rb1 Nb4 23.Rxb2 a5 24.a3 Nd5 25.Rxb7 Rab8 26.Rfb3 Rxb7 27.Rxb7 h6 28.
Nf6+ Bxf6 29.exf6 Rf8 30.Rg7+ Kh8 31.Bxh6 Rxf6 32.g3 Ne3 33.Rc7 Nf5 34.Bg5
Rf8 35.Kg2 Rb8 36.Bf6+ Kg8 37.Rxc6 Rb3 38.Rc3 a4 39.Kf3 Nd6 40.Rxb3 axb3 
41.a4 Nc4 42.Bc3 Kf7 43.Ke4 b2 44.Bxb2 Nxb2 45.a5 Nc4 46.a6 Nd6+ 47.Ke5 
Nb5 48.g4 Ke7 49.h4 Na7 50.Kd4 Kf6 51.h5 gxh5 52.gxh5 Nc8 53.h6 Kg6 54.Ke5
Kxh6 55.Kxe6 Kg7 1/2-1/2

[Event "12th EUR-ch"]
[Site "Aix-les-Bains FRA"]
[Date "2011.03.24"]
[Round "3.48"]
[White "Fedorchuk, Sergei"]
[Black "Alsina Leal, Daniel"]
[Result "0-1"]
[WhiteElo "2662"]
[BlackElo "2538"]
[EventDate "2011.03.22"]
[PlyCount "67"]

1.e4 e6 2.d4 d5 3.e5 c5 4.c3 Qb6 5.Nf3 Nc6 6.a3 Bd7 7.Ra2 c4 8.Bf4 Nge7 9.
Nbd2 Na5 10.Be2 Nc8 11.h4 Qc7 12.h5 h6 13.Rh3 Nb6 14.a4 Qc6 15.g4 Nxa4 16.
g5 b5 17.Nh2 b4 18.cxb4 Bxb4 19.gxh6 gxh6 20.Ng4 c3 21.Nf6+ Kd8 22.Nxd7 
Nxb2 23.Rxb2 cxb2 24.Nc5 Rb8 25.Bd3 Bxc5 26.dxc5 Qxc5 27.Ke2 Nc6 28.Rg3 
Nd4+ 29.Ke1 Qc1 30.Bb1 Rc8 31.Ne4 Qxd1+ 32.Kxd1 dxe4 33.Bxe4 Rc1+ 34.Bxc1 
0-1

[Event "12th EUR-ch"]
[Site "Aix-les-Bains FRA"]
[Date "2011.03.24"]
[Round "3.49"]
[White "Fridman, Daniel"]
[Black "Apicella, Manuel"]
[Result "1/2-1/2"]
[WhiteElo "2661"]
[BlackElo "2531"]
[EventDate "2011.03.22"]
[PlyCount "51"]

1.d4 Nf6 2.c4 g6 3.Nc3 Bg7 4.e4 d6 5.Nf3 O-O 6.Be2 e5 7.O-O Na6 8.Re1 c6 
9.Bf1 exd4 10.Nxd4 Ng4 11.h3 Qb6 12.hxg4 Qxd4 13.g5 Nc5 14.Bf4 Qxd1 15.
Raxd1 Be5 16.Bh2 Ne6 17.Rxd6 Bxd6 18.Bxd6 Nxg5 19.Bxf8 Kxf8 20.Rd1 Ke7 21.
f4 Ne6 22.g3 f6 23.Kf2 Nf8 24.Be2 Be6 25.Ke3 Rd8 26.Rxd8 1/2-1/2

[Event "12th EUR-ch"]
[Site "Aix-les-Bains FRA"]
[Date "2011.03.24"]
[Round "3.50"]
[White "Godena, Michele"]
[Black "Smeets, Jan"]
[Result "1/2-1/2"]
[WhiteElo "2526"]
[BlackElo "2660"]
[EventDate "2011.03.22"]
[PlyCount "44"]

1.e4 c5 2.c3 Nf6 3.e5 Nd5 4.Nf3 Nc6 5.d4 cxd4 6.cxd4 d6 7.Bc4 Nb6 8.Bb5 
Bd7 9.Nc3 dxe5 10.Nxe5 Nxe5 11.dxe5 Bxb5 12.Nxb5 Qxd1+ 13.Kxd1 O-O-O+ 14.
Ke2 Rd5 15.a4 Rxe5+ 16.Be3 Nd5 17.Rac1+ Kb8 18.Rhd1 e6 19.Kf3 Rf5+ 20.Ke2 
Re5 21.Kf3 Rf5+ 22.Ke2 Re5 1/2-1/2

[Event "12th EUR-ch"]
[Site "Aix-les-Bains FRA"]
[Date "2011.03.24"]
[Round "3.51"]
[White "Kabanov, Nikolai"]
[Black "Feller, Sebastien"]
[Result "1/2-1/2"]
[WhiteElo "2524"]
[BlackElo "2657"]
[EventDate "2011.03.22"]
[PlyCount "50"]

1.e4 c5 2.Nf3 e6 3.Nc3 a6 4.g3 b5 5.Bg2 Bb7 6.d3 d6 7.O-O Be7 8.e5 dxe5 9.
Nxe5 Bxg2 10.Kxg2 Nd7 11.Nxd7 Qxd7 12.Qf3 Rc8 13.a4 b4 14.Ne4 Nf6 15.Nd2 
Nd5 16.Nc4 Qc7 17.Re1 O-O 18.Re4 Rcd8 19.a5 Rfe8 20.Bd2 Bf6 21.Rae1 Qc6 
22.h4 Qa4 23.Qd1 Qc6 24.Qf3 Qa4 25.Qd1 Qc6 1/2-1/2

[Event "12th EUR-ch"]
[Site "Aix-les-Bains FRA"]
[Date "2011.03.24"]
[Round "3.52"]
[White "Nyback, Tomi"]
[Black "Conquest, Stuart"]
[Result "1-0"]
[WhiteElo "2656"]
[BlackElo "2529"]
[EventDate "2011.03.22"]
[PlyCount "57"]

1.d4 d6 2.Nf3 g6 3.g3 Bg7 4.Bg2 Nf6 5.O-O O-O 6.c4 Nc6 7.Nc3 Rb8 8.h3 a6 
9.e4 b5 10.cxb5 axb5 11.Re1 Nd7 12.Bg5 h6 13.Be3 Na5 14.b3 c5 15.Rc1 Nc6 
16.dxc5 dxc5 17.e5 e6 18.Qe2 c4 19.Nxb5 Ndxe5 20.Nxe5 Nxe5 21.bxc4 Qe7 22.
Bf4 f6 23.c5 Ba6 24.a4 Rbc8 25.c6 Qb4 26.Qe4 Qxe4 27.Bxe4 f5 28.Bxe5 Bxe5 
29.Bg2 1-0

[Event "12th EUR-ch"]
[Site "Aix-les-Bains FRA"]
[Date "2011.03.24"]
[Round "3.53"]
[White "Gustafsson, Jan"]
[Black "Cmilyte, Viktorija"]
[Result "1-0"]
[WhiteElo "2647"]
[BlackElo "2526"]
[EventDate "2011.03.22"]
[PlyCount "61"]

1.c4 f5 2.g3 Nf6 3.Nf3 g6 4.Bg2 Bg7 5.O-O O-O 6.Nc3 d6 7.d4 c6 8.Rb1 a5 9.
Qb3 Ne4 10.Be3 Kh8 11.Nxe4 fxe4 12.Nd2 d5 13.f3 e5 14.fxe4 exd4 15.Rxf8+ 
Qxf8 16.Bf2 dxc4 17.Qxc4 b5 18.Qd3 c5 19.e5 Ra7 20.Qxb5 Ba6 21.Qb6 Rf7 22.
Ne4 Bxe2 23.e6 Re7 24.Re1 Bg4 25.Nxc5 Re8 26.e7 Qf7 27.Qd6 Qf6 28.Qxb8 
Rxb8 29.e8=Q+ Rxe8 30.Rxe8+ Bf8 31.Rxf8+ 1-0

[Event "12th EUR-ch"]
[Site "Aix-les-Bains FRA"]
[Date "2011.03.24"]
[Round "3.54"]
[White "Prie, Eric"]
[Black "Korobov, Anton"]
[Result "0-1"]
[WhiteElo "2508"]
[BlackElo "2647"]
[EventDate "2011.03.22"]
[PlyCount "94"]

1.d4 Nf6 2.Bf4 c5 3.e3 Nd5 4.Bg3 Qb6 5.Nc3 Nxc3 6.bxc3 e6 7.Nf3 Qb2 8.Kd2 
Nc6 9.Ne5 Nxe5 10.Bxe5 f6 11.Bg3 Be7 12.a4 Qb6 13.Qh5+ g6 14.Qh6 Kf7 15.
Bd3 Qd8 16.h4 Bf8 17.Qf4 d5 18.a5 c4 19.Be2 Bd7 20.h5 g5 21.Qf3 h6 22.e4 
Bc6 23.exd5 Bxd5 24.Qe3 Qd7 25.Bf3 Bg7 26.Rhb1 Rhe8 27.Ke1 Rad8 28.Kf1 Qc6
29.Rb4 f5 30.Be5 Bxe5 31.dxe5 Bxf3 32.gxf3 Re7 33.Rab1 a6 34.Qe2 Qd5 35.
Kg2 g4 36.Qe3 gxf3+ 37.Kh2 Rg8 38.Rg1 Rxg1 39.Kxg1 Kg8 40.Qd4 Rg7+ 41.Kf1 
Qxa5 42.Ke1 Rg4 43.Qd6 Re4+ 44.Kd2 Qd5+ 45.Kc1 Re1+ 46.Kb2 Qxd6 47.exd6 b5
0-1

[Event "12th EUR-ch"]
[Site "Aix-les-Bains FRA"]
[Date "2011.03.24"]
[Round "3.56"]
[White "Djukic, Nikola"]
[Black "Andriasian, Zaven"]
[Result "0-1"]
[WhiteElo "2494"]
[BlackElo "2645"]
[EventDate "2011.03.22"]
[PlyCount "64"]

1.d4 d5 2.c4 c6 3.Nc3 Nf6 4.Nf3 e6 5.Bg5 h6 6.Bh4 Be7 7.e3 Nbd7 8.Bd3 dxc4
9.Bxc4 b5 10.Bd3 Bb7 11.Rc1 a6 12.O-O Rc8 13.Bxf6 gxf6 14.a3 c5 15.Be4 
Bxe4 16.Nxe4 O-O 17.d5 f5 18.Ng3 Nf6 19.dxe6 fxe6 20.Qc2 Bd6 21.Rfd1 Qe7 
22.a4 c4 23.axb5 axb5 24.Nd4 Rc5 25.Ra1 Rd5 26.b3 Rc8 27.bxc4 bxc4 28.e4 
fxe4 29.Nde2 Be5 30.Rac1 Qd7 31.Re1 Rd2 32.Qb1 Rb8 0-1

[Event "12th EUR-ch"]
[Site "Aix-les-Bains FRA"]
[Date "2011.03.24"]
[Round "3.57"]
[White "Wells, Peter"]
[Black "Sokolov, Ivan"]
[Result "1-0"]
[WhiteElo "2487"]
[BlackElo "2643"]
[EventDate "2011.03.22"]
[PlyCount "101"]

1.d4 Nf6 2.c4 c5 3.d5 g6 4.Nc3 Bg7 5.e4 d6 6.Bd3 O-O 7.h3 a6 8.a4 e6 9.Nf3
exd5 10.cxd5 Nh5 11.Bg5 Bf6 12.Bh6 Re8 13.Qd2 Nd7 14.g4 Ng7 15.Kf1 Qc7 16.
Kg2 Rb8 17.Bg5 Bxg5 18.Qxg5 f6 19.Qd2 Rf8 20.Ne2 Ne5 21.Nxe5 fxe5 22.Rhf1 
Qe7 23.b4 b5 24.axb5 axb5 25.f4 c4 26.Bc2 exf4 27.Rxf4 Bd7 28.Raf1 Rxf4 
29.Qxf4 Ra8 30.Nd4 Ra2 31.Rf2 g5 32.Qf3 Be8 33.Qe3 Bg6 34.Re2 h6 35.Nc6 
Qe8 36.Kg3 Kh7 37.Rf2 Qa8 38.Kh2 Ra3 39.Qd4 Qe8 40.Qf6 Ra2 41.Ne7 Rxc2 42.
Rxc2 Bxe4 43.Ra2 c3 44.Ra7 Bxd5 45.Qxc3 Bf7 46.Qd3+ Kh8 47.Qxd6 Be6 48.Rb7
Qf7 49.Rb8+ Kh7 50.Qd3+ Bf5 51.Nxf5 1-0

[Event "12th EUR-ch"]
[Site "Aix-les-Bains FRA"]
[Date "2011.03.24"]
[Round "3.58"]
[White "Pashikian, Arman"]
[Black "Martinovic, Sasa"]
[Result "1/2-1/2"]
[WhiteElo "2642"]
[BlackElo "2504"]
[EventDate "2011.03.22"]
[PlyCount "104"]

1.d4 Nf6 2.Nf3 g6 3.c4 Bg7 4.Nc3 O-O 5.e4 d6 6.Be2 e5 7.O-O exd4 8.Nxd4 
Re8 9.f3 Nc6 10.Be3 Nh5 11.Qd2 Nxd4 12.Bxd4 Nf4 13.Rfd1 Bxd4+ 14.Qxd4 
Nxe2+ 15.Nxe2 b6 16.Rac1 Bb7 17.Nf4 Qg5 18.Nd5 Bxd5 19.cxd5 Re7 20.Qd2 Qe5
21.Rc4 f5 22.exf5 Qxf5 23.Rf4 Qh5 24.Qd4 Rae8 25.Qf6 a5 26.h4 Qe5 27.Qxe5 
Rxe5 28.Rfd4 Re2 29.R4d2 h5 30.Kf1 Rxd2 31.Rxd2 Re5 32.Kf2 Kf7 33.Rc2 Rxd5
34.Rxc7+ Ke6 35.Rc2 Rd4 36.g3 Rd5 37.Re2+ Kf5 38.Ke3 Re5+ 39.Kd3 Rd5+ 40.
Ke3 Re5+ 41.Kd2 Rd5+ 42.Kc2 Rc5+ 43.Kd1 Re5 44.Rc2 Ke6 45.Rc4 Rb5 46.b3 
Rd5+ 47.Ke2 b5 48.Re4+ Kf6 49.Rf4+ Ke5 50.Re4+ Kf6 51.Rf4+ Ke5 52.Re4+ Kf6
1/2-1/2